Statistiques concernant Les Pokémon de la 3G dans l'ordre alphabétique

Cliquez ici pour prendre le quiz!

Statistiques générales

  • Ce quiz a été pris 130 fois
  • Le résultat moyen est 90 sur 135

Statistiques - réponses

Type de quizNom% Correct
Insecte/EauArakdo
95%
TénèbresAbsol
93%
Dragon/VolAltaria
88%
Roche/InsecteAnorith
88%
PlanteArcko
88%
Feu/CombatBraségali
86%
Roche/InsecteArmaldo
83%
InsecteArmulys
83%
Sol/PsyBalbuto
83%
Eau/VolBekipan
83%
Feu/SolCamérupt
83%
Feu/SolChamallot
83%
Plante/CombatChapignon
81%
Combat/PsyCharmina
81%
Feu/CombatGalifeu
81%
PoisonAvaltout
79%
PlanteBalignon
79%
Eau/SolBarbicha
79%
Eau/SolBarloche
79%
Plante/TénèbresCacturne
79%
Eau/TénèbresCarvanha
79%
DragonDrattak
79%
ÉlectrikÉlecsprint
79%
Psy/FéeGardevoir
79%
Psy/FéeKirlia
79%
Normal/FéeAzurill
76%
InsecteBlindalys
76%
SpectreBranette
76%
PlanteCacnea
76%
Insecte/VolCharmillon
76%
FeuChartor
76%
DragonDraby
76%
DragonDrackhaus
76%
ÉlectrikDynavolt
76%
Eau/VolGoélise
76%
Dragon/PsyLatias
76%
Dragon/PsyLatios
76%
Eau/PlanteLombre
76%
Eau/PlanteLudicolo
76%
Acier/PsyMétalosse
76%
Eau/SolFlobio
74%
TénèbresGrahyèna
74%
Normal/VolHélédelle
74%
Glace/EauKaimorse
74%
Sol/DragonLibégon
74%
Acier/PsyMétang
74%
NormalBrouhabam
71%
InsecteChenipotte
71%
Acier/RocheGalegon
71%
Acier/RocheGalekid
71%
Acier/RocheGaleking
71%
Eau/SolLaggron
71%
Roche/PlanteLilia
71%
NormalChuchmur
69%
PsyDeoxys
69%
Acier/PsyJirachi
69%
Sol/PsyKaorine
69%
Combat/PsyMéditikka
69%
Eau/PlanteNénupiot
69%
EauCoquiperl
67%
PoisonGloupti
67%
EauGobou
67%
CombatHariyama
67%
Normal/VolNirondelle
67%
Eau/TénèbresSharpedo
67%
EauBarpau
64%
Eau/TénèbresColhomard
64%
SolGroudon
64%
Insecte/VolMaskadra
64%
Insecte/SpectreMunja
64%
Glace/EauObalie
64%
GlaceOniglali
64%
Glace/EauPhogleur
64%
Plante/TénèbresPifeuil
64%
Dragon/VolRayquaza
64%
Plante/TénèbresTengalice
64%
Acier/PsyTerhal
64%
Plante/VolTropius
64%
PlanteGrainipiot
62%
PlanteJungko
62%
PlanteMassko
62%
TénèbresMedhyèna
62%
ÉlectrikNégapi
62%
SpectrePolichombr
62%
ÉlectrikPosipi
62%
FeuPoussifeu
62%
Eau/RocheRelicanth
62%
Roche/PsySolaroc
62%
GlaceStalgamin
62%
Psy/FéeTarsal
62%
Ténèbres/SpectreTénéfix
62%
PsyÉoko
60%
EauKyogre
60%
NormalLinéon
60%
EauLovdisc
60%
InsecteLumivole
60%
CombatMakuhita
60%
NormalMangriff
60%
Insecte/PoisonPapinox
60%
GlaceRegice
60%
RocheRegirock
60%
AcierRegisteel
60%
Roche/PsySéléroc
60%
SpectreSkelénox
60%
SpectreTéraclope
60%
Roche/PlanteVacilys
60%
Sol/DragonVibraninf
60%
NormalDelcatty
57%
EauÉcrapince
57%
NormalKecleon
57%
Acier/FéeMysdibule
57%
Insecte/SolNingale
57%
Insecte/VolNinjask
57%
EauRosabyss
57%
PoisonSéviper
57%
PsyGroret
55%
SolKraknoix
55%
InsecteMuciole
55%
NormalParecool
55%
Plante/PoisonRosélia
55%
EauSerpang
55%
EauWailmer
55%
EauWailord
55%
NormalZigzaton
55%
NormalMonaflèmit
52%
RocheTarinor
52%
NormalVigoroth
52%
EauMilobellus
50%
PsyOkéoké
48%
NormalRamboum
48%
NormalSkitty
48%
Normal/VolTylton
48%
NormalMorphéo
38%
NormalSpinda
38%
PsySpoink
38%

Distribution des résultats

Percentile par nombre de réponses

% des personnes avec chaque résultat

Votre développement - résultats

Vous n’avez pas pris ce quiz